LEADER 01289nam a2200265 u 4500 001 000000090113 003 CaOOAMICUS 005 20070226124705.0 008 051207s2004 it a u000 u ita u 035 $a11071663 040 $aPUL$bita 100 1 $aRosa, Sergio.$0(OLS)http://pul/name/58323 245 10$aPedagogia della riforma cattolica :$bM. Silvio Antoniano e l'educazione dei "figlioli" /$cSergio Rosa. 260 $aS. Atto di Teramo :$bEdigrafital,$c2004. 300 $a117 p. :$bill. : ;$c21 cm 490 1 $aCollana di Prospettiva persona.$a"Raccontiamo la pedagogia" ;$v3 504 $aContiene bibliografia. 600 14$aAntoniano, Silvio,$ccard.,$d1540-1603.$0(OLS)http://pul/subject/29409 650 4$aPedagogia e religione.$0(OLS)http://pul/subject/26450 830 0$aCollana di Prospettiva persona.$p"Raccontiamo la pedagogia" ;$v3.$0(OLS)http://pul/title/116398 850 $aPUL 852 $aPUL$W1$xSL Religione 3$y85$m270. 6 ROSSE 1$j113788$nBK-PRI$b $qDDC 21$B113788$CPULBib$Z2$F113788 $HPUL100126 $81 941 1 $a9 996 $6245$aPedagogia della riforma cattolica :$bM. Silvio Antoniano e l'educazione dei "figlioli"$9(OLS)http://pul/title/116397 996 $6260$aS. Atto di Teramo :$bEdigrafital$9(OLS)http://pul/publisher/78323 LEADER 01523nam a2200313 a 4500 001 000000170351 003 CaOOAMICUS 005 20181107143120.0 008 181107s1989 it u000 u ita r 020 $z88-07-09016-3* 032 $aLibriCat 040 $aPUL$bita 041 $aita$heng 100 1 $aMeade, James Edward.$0(OLS)http://pul/name/109596 240 10$aAgathotopia : $bthe economics of partnership.$lItaliano.$0(OLS)http://pul/title/211103 245 10$aAgathotopia : $bl'economia della partnership : un saggio per quest'epoca dedicato ai capitalisti e ai socialisti che cercano di ottenere il meglio da entrambi i mondi / $cJames E. Meade ; presentazione di Edwin Morley-Fletcher . 260 $aMilano :$bFeltrinelli,$c1989. 300 $aXXVII, 147 p. ; $c20 cm. 490 1 $aIdee 650 4$aEconomia$xStudi.$0(OLS)http://pul/subject/19077 700 1 $aMorley-Fletcher, Edwin.$0(OLS)http://pul/name/109597 830 0$aIdee/Feltrinelli.$0(OLS)http://pul/title/75892 850 $aPUL 852 $aPUL$W1$xDP1 Fondo De Girolamo$y124$m1 A 48$j41553$qFondi$B198629$CPULBib$Z2$F198629 $81 941 1 $a1 996 $6020$z88-07-09016-3*$9(OLS)http://pul/number/165216 996 $6245$aAgathotopia : $bl'economia della partnership : un saggio per quest'epoca dedicato ai capitalisti e ai socialisti che cercano di ottenere il meglio da entrambi i mondi / $9(OLS)http://pul/title/211102 996 $6260$aMilano :$bFeltrinelli$9(OLS)http://pul/publisher/48846